Methodologie grammaticale: etude psychologique des structures

Shranjeno v:
Bibliografske podrobnosti
Glavni avtor: Galichet, Georges (Author)
Format: Knjiga
Jezik:francoščina
Izdano: París Press Universitaires 1953
Serija:Bibliotheque de Philosophie Contemporaine. Phychologie et Sociologie
Teme:
Oznake: Označite
Brez oznak, prvi označite!

MARC

LEADER 00000nam a2200000 a 4500
001 UCI0060
003 CL-VaPUC
008 070420e19530000FR |||||||||||||||||fre|d
082 0 4 |a 440  |b GAL  |2 21 
100 0 |a Galichet, Georges  |e author  |9 520147 
245 1 0 |a Methodologie grammaticale: etude psychologique des structures 
300 |a 225 p 
942 |c BK 
945 |d 20070420 00:00:00  |a jtorresc 
260 |a París  |b Press Universitaires  |c 1953 
650 0 |a Lengua francesa  |9 455703 
650 0 |a Estudio y enseñanza  |9 270395 
650 0 |a Gramática  |9 270497 
650 7 |a FRANCES  |2 CL-VaPUC  |9 259059 
583 |a last modification  |c 20130304 02:23:23  |k Rodrigo Vera 
490 0 |a Bibliotheque de Philosophie Contemporaine. Phychologie et Sociologie 
999 |c 325351  |d 325349 
952 |0 0  |1 0  |4 0  |6 440_000000000000000_GAL_1953  |7 0  |8 A  |9 406105  |a FDOPOS  |b FDOPOS  |d 2019-11-22  |i 4273974  |o 440 GAL 1953  |p 4273974  |r 2025-01-22  |w 2019-11-22  |y BK  |k MLA